000 00515nam a2200145 i 4500
001 29489
003 ES-MaACL
007 t|
008 030122s1946 sp ||||1| spa d
100 1 _aBarceló, José R.
_925506
245 1 0 _aIntroducción a la Espectroquímica
_b: con indicación de otros métodos ópticos de interés en la Química Analítica /
_cpor José R. Barceló.
260 _aBarcelona :
_bManuel Marín,
_c1946 (
_fHorta)
300 _a156 p. :
_bil. ;
_c23 cm.
852 _aES-MaACL
_jB-1911
_bR.28871
999 _c29489
_d29489